[Event "Sapporo Autumn Chess Tournament 2025"]
[Site "Sapporo Chess Club"]
[Date "2025.10.12"]
[Round "3.6"]
[White "Denta, Seiichi"]
[Black "Yajima, Machiko"]
[Result "1-0"]
[WhiteElo "1376"]
[BlackElo "1327"]
[Annotator "Fritz 11 SE (30s)"]
[PlyCount "89"]
[EventDate "2025.10.12"]

{[%mdl 8192] D00: 1 d4 d5: Unusual lines} 1. d4 g6 2. Nf3 d5 3. Nc3 Nf6 4. h3
Bg7 5. Bf4 c6 $146 {Controls b5} (5... O-O 6. e3 c5 (6... b6 7. Be2 Bb7 8. O-O
Nbd7 9. a4 a6 10. Re1 Rc8 11. Ne5 c5 12. Ra3 e6 13. Bf3 Qe7 14. Rb3 Rfd8 15.
Qa1 h6 16. Bh2 Bf8 17. Ra3 Nxe5 18. Bxe5 Nd7 19. Bf4 Bg7 20. Rd1 g5 21. Bg3 {
Nikolic,S (2277)-Livaja,M (2228) Serbia 2011 0-1 (59)}) 7. Be2 (7. g4 Nc6 8.
Bg2 cxd4 9. exd4 Ne4 10. Ne5 Qa5 11. Nxc6 bxc6 12. Bxe4 dxe4 13. Qd2 Rd8 14.
Nxe4 Qd5 15. Ng3 Ba6 16. b3 Qe6+ 17. Be3 Rxd4 18. Qa5 Rd5 19. Qxa6 Bxa1 20. O-O
Be5 21. Qb7 Rad8 {Koteski,D (2218)-Nedev,T (2466) Struga 2015 0-1}) 7... Nc6 (
7... cxd4 8. exd4 Nc6 9. O-O Bf5 10. g4 Be6 11. Ng5 Bd7 12. Be3 h6 13. Nf3 Be6
14. Ne5 Nd7 15. f4 Ndxe5 16. fxe5 Bxe5 17. dxe5 d4 18. Bxh6 dxc3 19. Qxd8 Rfxd8
20. bxc3 Nxe5 21. Bf4 Nd7 22. a4 {Balshan,A (2435)-Kraidman,Y (2460) Netanya
1975 0-1 (77)}) 8. dxc5 Qa5 9. O-O Qxc5 10. Nd2 Qb6 11. Nb3 Bf5 12. Bf3 Rfd8
13. a4 a5 14. g4 Be4 15. Qe2 Bxf3 16. Qxf3 e5 17. Bg5 Nb4 18. Rad1 h6 19. Bh4
e4 20. Qe2 {Balshan,A (2435)-Shamkovich,L (2505) Netanya 1975 1/2-1/2 (73)}) 6.
e3 Nh5 7. g3 {Covers f4} (7. Bh2 $5 $14 {must definitely be considered}) 7...
Nxf4 8. exf4 {Black has the pair of bishops} (8. gxf4 Qb6 9. b3 Qa5 $11) 8...
O-O 9. Bg2 h6 {Controls g5} (9... Qb6 10. Rb1 $15) 10. O-O Na6 11. a3 {Secures
b4} Bd7 12. Re1 Qc8 13. g4 {Black has a cramped position} (13. Qd2 Nc7 $11)
13... h5 {Black threatens to win material: h5xg4} 14. Ne5 (14. gxh5 $142 Bxh3
15. Ne5 $11) 14... Be6 $4 {Black is ruining his position} (14... Bxe5 15. Rxe5
hxg4 16. hxg4 Bxg4 17. Bf3 Bxf3 18. Qxf3 $17) 15. Re3 $4 {there were better
ways to keep up the pressure} (15. gxh5 $5 Bf5 16. hxg6 fxg6 17. Re3 $16) 15...
h4 (15... Bxe5 $142 $5 {has some apparent merit} 16. fxe5 hxg4 17. hxg4 Bxg4
$15) 16. Kh2 {Black has a cramped position} Bh6 {Black threatens to win
material: Bh6xf4} 17. g5 {White threatens to win material: g5xh6} (17. Qf3 Qc7
$14) 17... Bg7 $11 {Black has a cramped position} 18. Nf3 {White threatens to
win material: Nf3xh4} Qb8 {Black threatens to win material: Qb8xf4} 19. Ne5 (
19. Ne2 $5 $11) 19... Bf5 $15 {Black has a cramped position. The bishop feels
good on f5} 20. Kg1 (20. Ne2 $5 Nc7 21. Rb3 Bxe5 22. fxe5 $15) 20... f6 $17 21.
Nf3 Qxf4 22. Ne2 Qd6 23. Nxh4 fxg5 24. Nf3 Be4 (24... Rae8 25. Ng3 $17) 25.
Nxg5 $15 Bxg2 26. Kxg2 {White king safety dropped} Qf6 {Black threatens to win
material: Qf6xg5. Black forks: g5+f2} (26... e5 27. dxe5 Bxe5 28. Nd4 $15) 27.
Nf3 (27. f4 $142 $5 {should be examined more closely} Nc7 28. Qd3 $14) 27... c5
28. c3 $2 {Consolidates b4} (28. dxc5 Qf7 29. Qe1 Nxc5 $11) 28... Rac8 $4 {
Loses material. letting the wind out of his own sails} (28... Bh6 29. Ng3 Bxe3
30. fxe3 cxd4 31. cxd4 $19) 29. Qe1 $2 (29. dxc5 Rcd8 (29... Rxc5 $143 30. Ned4
$16) 30. Ned4 Nxc5 $11) 29... Nc7 $4 {allows the opponent back into the game} (
29... Bh6 $142 {Black missed this excellent chance} 30. Nc1 Bxe3 31. Qxe3 cxd4
32. cxd4 Qf4 33. Qxf4 Rxf4 $17) 30. Ne5 $11 c4 {This push gains space} (30...
cxd4 $142 $5 {and Black hangs on} 31. Nxd4 Qg5+ 32. Ng4 Rce8 $11) 31. Nd7 Qg5+
32. Ng3 (32. Rg3 $5 Qf5 33. Nxf8 Rxf8 34. f3 $16) 32... Rfe8 33. f4 {White
threatens to win material: f4xg5} (33. Rf3 Rcd8 34. Ne5 Rf8 $11) 33... Qh6 (
33... Qxf4 34. Qe2 $15 (34. Rxe7 $4 {Taking that pawn is naive} Rxe7 35. Qxe7
Re8 $19)) 34. Qf2 g5 $4 (34... e6 $142 $11 {was much better}) 35. Nf5 $18 Qg6
36. Nxe7+ Rxe7 37. Rxe7 gxf4+ (37... Re8 {is not much help} 38. f5 Qd6 39.
Rxg7+ Kxg7 40. f6+ Kh6 41. Ne5 Rxe5 42. dxe5 Qxe5 43. f7 $18) 38. Kh2 Ne6 (
38... Qg3+ {praying for a miracle} 39. Qxg3 fxg3+ 40. Kxg3 b5 $18) 39. Rg1 Qh6
40. Qg2 Ng5 41. Qxg5 Qxg5 (41... Kh8 {doesn't get the cat off the tree} 42.
Qxg7+ Qxg7 43. Rgxg7 f3 44. Nf6 f2 45. Rh7#) 42. Rxg5 Kh8 (42... Rc6 {is not
the saving move} 43. Rgxg7+ Kh8 44. Rh7+ Kg8 45. Reg7#) 43. Rgxg7 Rc6 (43...
Re8 {a fruitless try to alter the course of the game} 44. Nf6 Rxe7 45. Rg8#)
44. Rh7+ Kg8 45. Reg7# 1-0

[Event "Sapporo Autumn Chess Tournament 2025"]
[Site "Sapporo Chess Club"]
[Date "2025.10.13"]
[Round "4.1"]
[White "Furuse, Mizuki"]
[Black "Nishimori, Toshiyuki"]
[Result "1/2-1/2"]
[WhiteElo "1584"]
[BlackElo "1699"]
[Annotator "Fritz 11 SE (30s)"]
[PlyCount "79"]
[EventDate "2025.10.12"]

{A29: English Opening: Four Knights Variation with 4 g3} 1. Nf3 Nc6 2. g3 Nf6
3. Bg2 e5 4. c4 Bc5 5. Nc3 h6 6. d3 d6 7. O-O O-O 8. a3 a6 9. b4 Ba7 10. Bd2 (
10. Bb2 Bg4 (10... Ne7 11. d4 Ng6 12. dxe5 dxe5 13. c5 Bf5 14. Nd2 Qc8 15. e4
Bh3 16. Nc4 Bxg2 17. Kxg2 Qe6 18. Ne3 c6 19. Qe2 b6 20. cxb6 Bxb6 21. Na4 Bxe3
22. Qxe3 a5 23. Nc5 Qe7 24. Bc3 axb4 25. Bxb4 {Gabuzyan,H (2578)-Soltanici,R 
(2396) Golden Sands 2015 1-0 (63)}) 11. h3 Be6 12. Kh2 Rb8 13. Nd2 Qd7 14. Nd5
Ne8 15. Qa4 Nd4 16. Qxd7 Bxd7 17. e3 Ne6 18. Ne7+ Kh7 19. c5 dxc5 20. Nc4 Ba4
21. Be4+ Kh8 22. Bxe5 Nf6 23. Bf5 Rfe8 24. Bxf6 gxf6 {Timman,J (2620)-Karpov,A
(2760) NED/INA 1993 1/2-1/2 (55)}) 10... Rb8 $146 (10... Be6 11. Qc1 Ne7 12.
Be3 Ng6 13. Bxa7 Rxa7 14. Qe3 Ra8 15. Rac1 Ng4 16. Qd2 f5 17. e3 Qd7 18. Ne1 c6
19. f4 d5 20. cxd5 cxd5 21. d4 e4 22. Nc2 Ne7 23. Na1 Nc8 24. h3 Nf6 25. Nb3 {
Joshi,G (2280)-Adhiban,B (2421) Mumbai 2008 0-1 (52)}) 11. Rc1 Be6 12. Qc2 Re8
13. Qb1 Qc8 14. a4 Nd4 15. Rfe1 Bh3 16. Nxd4 exd4 17. Nd5 Nxd5 18. Bxd5 c6 19.
Bg2 (19. Bf3 Ra8 $11) 19... Bxg2 20. Kxg2 {White king safety dropped} Qf5 21.
e3 dxe3 22. Bxe3 Bxe3 23. Rxe3 Rxe3 24. fxe3 Re8 {Black threatens to win
material: Re8xe3} 25. Re1 Qg5 26. Qc1 d5 27. c5 {White gets more space} (27. e4
Qe5 $15) 27... Re6 $17 28. d4 Re4 (28... h5 29. b5 $17) 29. Qd2 h5 30. Qf2 (30.
b5 axb5 31. axb5 g6 $15) 30... f6 (30... h4 31. Rf1 Qe7 32. Re1 $15) 31. Qf3 f5
(31... h4 32. b5 $15) 32. Re2 g6 33. Re1 Kg7 34. Kf2 Qf6 35. Re2 Qg5 36. Re1 h4
37. Rh1 h3 38. Re1 Qd8 39. a5 {White wins space} Qf6 40. Rd1 1/2-1/2

[Event "Sapporo Autumn Chess Tournament 2025"]
[Site "Sapporo Chess Club"]
[Date "2025.10.13"]
[Round "4.3"]
[White "Nakamura, Mitsuru"]
[Black "Shishido, Kenta"]
[Result "0-1"]
[WhiteElo "1579"]
[BlackElo "1483"]
[Annotator "Fritz 11 SE (30s)"]
[PlyCount "106"]
[EventDate "2025.10.12"]

{[%mdl 8192] E12: Queen's Indian: Unusual White 4th moves, 4 a3, 4 Nc3 Bb7 5
a3 and 4 Nc3 Bb7} 1. d4 Nf6 2. c4 e6 3. Nf3 b6 4. Bg5 Bb7 5. e3 d6 $146 {
Covers e5} (5... h6 6. Bh4 Bb4+ (6... Be7 7. Bd3 c5 8. O-O O-O 9. Nc3 cxd4 10.
Nxd4 Nc6 11. Nxc6 Bxc6 12. Qe2 Ne4 13. Bxe4 Bxh4 14. Rfd1 Bxe4 15. Nxe4 Qc7 16.
Rd2 Qc6 17. Nd6 Be7 18. Rad1 a6 19. b3 Ra7 20. g3 Rc7 21. a4 {Bobotsov,M (2460)
-Liebert,H (2485) Albena 1973 1/2-1/2 (32)}) 7. Nbd2 (7. Nfd2 Be7 8. Nc3 c5 9.
dxc5 bxc5 10. Be2 (10. Nf3 d6 11. Be2 g5 12. Bg3 g4 13. Nd2 Bxg2 14. Rg1 Bc6
15. Bxg4 Nxg4 16. Qxg4 h5 17. Qh3 h4 18. O-O-O Bf6 19. Bf4 Bxc3 20. bxc3 Qa5
21. Kb2 Nd7 22. Nb3 Qa6 23. Rxd6 Nb6 24. Rxe6+ Kd8 {Drozd,R (2280)-Panczyk,K 
(2340) Tarnow 1979 1-0}) 10... Qb6 11. O-O Nc6 12. Rb1 d6 13. f4 O-O 14. Bf3
Ng4 15. Bxg4 Bxh4 16. f5 exf5 17. Nd5 Qd8 18. Bxf5 Ne7 19. Be4 Rb8 20. Nf3 Nxd5
21. Bxd5 Bf6 {Pozin,S (2390)-Perevertkin,V (2325) Eforie Nord 1998 1/2-1/2 (32)
}) 7... g5 8. Bg3 g4 9. a3 gxf3 10. axb4 fxg2 11. Bxg2 Bxg2 12. Rg1 Bb7 13. Bh4
d6 14. e4 Nbd7 15. Qf3 Qe7 16. Rg4 e5 17. d5 O-O-O 18. Ke2 Rdg8 19. Rag1 Rxg4
20. Rxg4 {Tarrasch,S-Bogoljubow,E Gothenburg 1920 1-0}) 6. Nbd2 Be7 7. Bd3 O-O
8. O-O Nbd7 9. h3 {Secures g4} c5 10. Qc2 Rc8 11. Bxf6 (11. Bf4 h6 $11) 11...
Nxf6 $15 12. dxc5 Rxc5 ({Instead of} 12... dxc5 13. e4 e5 14. Nxe5 $11) 13. b4
Rc7 14. Qb3 Qa8 15. Rfe1 (15. Rac1 Rfc8 $15) 15... Ne4 (15... d5 $5 $17) 16.
Bxe4 Bxe4 17. Nxe4 Qxe4 18. Rac1 Rfc8 19. Nd2 {White threatens to win material:
Nd2xe4} Qf5 20. a3 Bh4 (20... d5 21. e4 Qf4 22. Qd3 dxc4 23. Rxc4 $15 (23. Nxc4
$4 b5 $19)) 21. Re2 (21. Nf3 Bf6 $11) 21... Qh5 {Black threatens to win
material: Qh5xe2} (21... b5 22. e4 Qe5 23. Qd3 $15) 22. Rce1 (22. Nf3 $142 $5
$11 {looks like a viable alternative}) 22... b5 $17 23. c5 (23. cxb5 Qxb5 24.
a4 Qb6 $17) 23... dxc5 24. bxc5 Rxc5 25. Ne4 (25. a4 a5 $17) 25... Rc1 $19 26.
Qd3 Rxe1+ 27. Rxe1 Rd8 28. Qc2 Be7 (28... Qd5 29. Re2 $19) 29. Qb3 $2 (29. Qc7
$142 $5 Kf8 30. Nc3 $19) 29... Qe5 $19 30. Ng3 Rd2 31. Ne2 (31. Rb1 a6 $19)
31... Bd6 (31... g6 32. Kf1 $19) 32. f4 (32. Qc3 Rb2 33. Qxe5 Bxe5 34. Nd4 Bxd4
35. exd4 $19) 32... Qb2 33. Qxb2 Rxb2 34. Nd4 (34. Kf2 Bxa3 35. Ra1 b4 $19)
34... Bxa3 35. Ra1 Bc5 36. Rc1 Bf8 37. Rc8 g6 (37... g5 {might be the shorter
path} 38. Rb8 gxf4 39. exf4 $19) 38. Nc6 (38. Ra8 b4 39. Rxa7 e5 40. fxe5 Bh6
41. Ra8+ Kg7 $19) 38... Ra2 (38... b4 $142 {makes it even easier for Black} 39.
Ne5 Rd2 40. Kh2 $19) 39. Nb4 $2 (39. Ne5 Rd2 40. Rc7 $19) 39... Ra1+ 40. Kf2
Kg7 (40... a5 {and Black can already relax} 41. Nd3 a4 42. Ne5 Ra2+ 43. Kf3 $19
) 41. Nd3 a5 42. Ne5 Be7 (42... Bd6 $142 {and Black wins} 43. Nd7 a4 $19) 43.
Rc7 $2 (43. Rb8 $142 Ra2+ 44. Kf3 $17) 43... Kf6 $4 {lets it slip away} (43...
Bd6 $142 {and Black could have gained the advantage} 44. Rxf7+ Kg8 $19) 44.
Ng4+ $16 Kg7 45. Rxe7 h5 $2 (45... a4 $142 46. Rb7 Rb1 $18) 46. Ne5 Ra2+ (46...
a4 47. Rxf7+ Kg8 $18) 47. Kf3 Kg8 48. Rb7 (48. Nxf7 {seems even better} a4 49.
Ne5 a3 50. Rxe6 b4 51. Rxg6+ Kf8 $18) 48... b4 (48... f6 {does not help much}
49. Nxg6 a4 50. Kg3 $18) 49. Nc6 (49. Nxf7 {keeps an even firmer grip} b3 50.
Ng5 a4 $18) 49... Rb2 $2 (49... Ra1 50. Ke4 Ra2 $18) 50. Nxa5 Rb1 51. Nc6 b3
52. Nb4 (52. Ne5 $142 $18 {and White has it in the bag}) 52... b2 $19 53. Rb8+
Kg7 (53... Kg7 54. Nd3 Rf1+ 55. Ke2 b1=Q 56. Rxb1 Rxb1 $19) 0-1

[Event "Sapporo Autumn Chess Tournament 2025"]
[Site "Sapporo Chess Club"]
[Date "2025.10.13"]
[Round "4.4"]
[White "Uematsu, Maya"]
[Black "Yoshii, Yukihiko"]
[Result "0-1"]
[WhiteElo "1269"]
[BlackElo "1753"]
[Annotator "Fritz 11 SE (30s)"]
[PlyCount "96"]
[EventDate "2025.10.12"]

{[%mdl 8192] D02: 1 d4 d5 2 Nf3 sidelines, including 2...Nf6 3 g3 and 2...Nf6
3 Bf4} 1. d4 d5 2. Nf3 Nf6 3. Bf4 Bf5 4. Nbd2 e6 5. e3 Be7 6. Be2 h6 7. h3 Nbd7
8. O-O O-O (8... Ne4 9. Nxe4 Bxe4 10. Nd2 Bh7 11. c4 c6 12. Qb3 Qb6 13. cxd5
exd5 14. Bg4 Nf6 15. Be2 O-O 16. Bd3 Rfe8 17. Bxh7+ Nxh7 18. Rac1 Bg5 19. Be5
Re6 20. Rc3 Be7 21. Nf3 Nf8 22. Qc2 a5 23. Bf4 {Pinnel,P (2215)-Janovsky,S 
(2430) Dortmund 1992 1/2-1/2}) 9. Rc1 $146 (9. Ne5 Nxe5 10. Bxe5 Nd7 11. Bh2 c5
12. c3 a6 13. Nf3 h5 14. Bd3 Bxd3 15. Qxd3 f5 16. dxc5 Nxc5 17. Qe2 Qe8 18. Ne5
Rc8 19. Nd3 Na4 20. Be5 Bf6 21. f3 Qe7 22. Bxf6 Qxf6 23. e4 d4 {Deak,Z (2205)
-Csomos,R (2213) Hungary 2003 0-1 (50)}) (9. c4 Ne4 10. Qb3 dxc4 11. Nxc4 b6
12. Rfd1 Nd6 13. Nce5 Be4 14. Rac1 Bf6 15. Nc6 Qe8 16. Nd2 Bd5 17. Qa3 a5 18.
Bxd6 cxd6 19. Qxd6 Nb8 20. Bb5 Nxc6 21. Bxc6 Rd8 22. Qxd5 Rxd5 23. Bxe8 Rxe8 {
Gemy Vargas,J (2406)-Sztokbant,B (2237) Buenos Aires 2015 1-0 (47)}) 9... Rc8
10. c3 {Controls b4} c5 11. Qb3 {White threatens to win material: Qb3xb7} Nb6 {
[%cal Yc5c4] Black plans c4} 12. Ne5 c4 {Black gains space} 13. Qd1 Nbd7 14.
Nxd7 Qxd7 15. b3 (15. Be5 Qc6 $15) 15... b5 16. Re1 (16. b4 $17) 16... Bd6 (
16... Ba3 $142 $5 $17) 17. Bxd6 $11 Qxd6 18. Bf3 Qa3 {Black threatens to win
material: Qa3xa2} 19. Ra1 $2 (19. e4 dxe4 20. Bxe4 Nxe4 21. Nxe4 Rfd8 $15)
19... Bd3 (19... b4 20. e4 Bxe4 21. Bxe4 bxc3 $17 (21... Nxe4 $143 22. Nxe4
dxe4 23. cxb4 $17) (21... dxe4 $143 22. Nxc4 Qa6 23. cxb4 $16)) 20. Qc1 $15 {
White threatens to win material: Qc1xa3} Qd6 21. e4 dxe4 22. Nxe4 (22. Bxe4 Qc7
$11) 22... Nxe4 (22... Bxe4 23. Bxe4 b4 24. cxb4 Qxd4 25. Qe3 $17) 23. Bxe4 $15
Bxe4 24. Rxe4 Qc6 {Black threatens to win material: Qc6xe4} (24... b4 25. Rg4
Kh7 26. cxb4 $15) 25. Qe3 (25. Rg4 f5 26. Rg6 cxb3 27. axb3 Qxc3 28. Qxc3 Rxc3
29. Rxe6 Ra8 $11) 25... cxb3 26. axb3 Qxc3 27. Rxa7 Rc7 28. Rxc7 Qxc7 29. Re5 {
White threatens to win material: Re5xb5} Ra8 30. g3 (30. Qg3 $5 $11) 30... Ra1+
31. Kh2 Qc6 {Black has a mate threat} (31... Qc2 32. g4 $15 (32. Rxb5 {is not
to be advocated because of the following mating combination} Qb1 33. Rb8+ Kh7
34. Qd3+ Qxd3 35. Rh8+ Kxh8 36. h4 Qf3 37. d5 Rh1#)) 32. d5 $11 {White
threatens to win material: d5xc6. White forks: c6+e6} Qc2 (32... exd5 $142 $5 {
would allow Black to play on} 33. Qf3 Ra2 $11) 33. dxe6 $16 fxe6 34. Rxe6 (34.
Rxb5 $4 {That pawn is poisoned} Qc6 35. g4 Qxb5 36. Qxe6+ Kh7 37. Qe4+ Kh8 $19)
34... Ra8 (34... Qb1 $5 35. Re8+ Kh7 36. Qe4+ Qxe4 37. Rxe4 Ra3 $16) 35. Re8+
Rxe8 36. Qxe8+ Kh7 37. Qe3 Qb1 38. Kg2 b4 39. f4 (39. Qf3 Qg6 $16) 39... Qb2+
40. Kf3 Kg6 $2 (40... Qa1 $142 41. g4 Qh1+ 42. Kg3 Qc6 $16) 41. Qe4+ Kf6 42.
Qxb4 Qc2 $4 {an oversight. But Black was lost anyway.} (42... Qb1 43. Qd6+ Kf7
$18) 43. Qd4+ Kf7 44. b4 (44. Qc4+ $142 {nails it down} Qxc4 45. bxc4 $18)
44... Qc6+ (44... Qb3+ 45. Kg4 $18) 45. Qe4 Qc3+ 46. Kg4 g6 (46... Qb3 $18) 47.
b5 (47. Qd5+ $142 {and White can celebrate victory} Kf6 48. Qe5+ Qxe5 49. fxe5+
Kxe5 50. h4 $18) 47... h5+ $11 48. Kh4 $4 {makes life more difficult} (48. Kg5
$142 {was necessary} Qf6+ 49. Kh6 Qg7+ 50. Kg5 Qf6+ 51. Kh6 Qg7+ 52. Kg5 Qf6+
$11) 48... Qf6# 0-1

[Event "Sapporo Autumn Chess Tournament 2025"]
[Site "Sapporo Chess Club"]
[Date "2025.10.13"]
[Round "4.5"]
[White "Kaga, Kazuyuki"]
[Black "Denta, Seiichi"]
[Result "1-0"]
[WhiteElo "1481"]
[BlackElo "1376"]
[Annotator "Fritz 11 SE (30s)"]
[PlyCount "51"]
[EventDate "2025.10.12"]

{[%mdl 8192] C25: Vienna Game: Alternatives to 2...Nf6} 1. e4 e5 2. Nc3 Nc6 3.
Bc4 Bc5 4. Qg4 g6 5. Qf3 Nf6 6. d3 $146 (6. Nge2 d6 7. h3 (7. d3 Bg4 8. Qg3 Be6
9. Bg5 Nh5 10. Qh4 Qd7 11. Ng3 Nf4 12. Bxf4 exf4 13. Qxf4 Bxc4 14. dxc4 O-O-O
15. O-O-O Bd4 16. Nge2 Bg7 17. c5 Qe6 18. cxd6 cxd6 19. Kb1 Kb8 20. Rd5 Nb4 21.
Rb5 Nc6 {Watson,W (2555)-Murshed,N (2505) London 1992 1-0 (37)}) 7... h6 8. d3
Qe7 9. g4 (9. Bd2 a6 10. O-O-O Bd7 11. g4 g5 12. Qg3 O-O-O 13. f3 Nd4 14. Nxd4
Bxd4 15. h4 Bxc3 16. bxc3 Rhg8 17. hxg5 hxg5 18. Qf2 Kb8 19. d4 d5 20. exd5 e4
21. Rde1 Qa3+ 22. Kb1 exf3 23. Qxf3 Nxg4 {Nolan,G (2175)-Bathie,N (2260)
Edinburgh 2000 1/2-1/2 (37)}) 9... Be6 10. Bxe6 fxe6 11. Bxh6 Rxh6 12. g5 Rh7
13. Qxf6 Qxf6 14. gxf6 Rf7 15. O-O Rxf6 16. Na4 Bb6 17. a3 Ke7 {1/2-1/2 (17)
Koziak,V (2480)-Chojnacki,K (2400) Police 2015}) (6. Nd5 Nxd5 7. Bxd5 O-O 8. c3
Ne7 9. Bb3 Kg7 10. g4 Ng8 11. h4 d6 12. Ne2 Be6 13. d4 Bxb3 14. axb3 exd4 15.
cxd4 Bb4+ 16. Kf1 Qf6 17. Bf4 Qe6 18. h5 Rfe8 19. hxg6 hxg6 20. Ng3 Kf8 {
Roth,P (2300)-Kargl,K (2200) Austria 1979 1-0}) (6. Nge2 $142 $11) 6... d6 $4 {
gives the opponent counterplay} (6... Nd4 $142 {was much better} 7. Qd1 c6 $11)
7. Bg5 $18 Rg8 (7... Nd4 {cannot undo what has already been done} 8. Qxf6 Qxf6
9. Bxf6 $18) 8. Bxf6 (8. Nd5 {keeps an even firmer grip} Nxd5 9. Bxd8 Nd4 $18)
8... Qd7 (8... Nd4 {does not improve anything} 9. Bxd8 Nxf3+ 10. Nxf3 (10. gxf3
$143 Kxd8 11. Nge2 c6 $18) 10... Kxd8 11. Na4 Bb4+ 12. c3 $18) 9. Nge2 Bd4 (
9... Qg4 {the only chance to get some counterplay} 10. Qxg4 Bxg4 $18) 10. Nd5
Bxb2 (10... Rf8 {is not much help} 11. O-O-O $18) 11. Rb1 (11. Bg5 {makes it
even easier for White} h6 12. Nf6+ Kd8 13. Nxd7+ hxg5 14. Qxf7 Ne7 $18) 11...
Nd4 (11... Rf8 {does not save the day} 12. Rxb2 Na5 13. Bb5 $18) 12. Nxd4 (12.
Rxb2 $6 {is impossible} Nxf3+ 13. gxf3 c6 $16) 12... Bxd4 13. Bg5 Bc3+ 14. Nxc3
(14. Ke2 Kf8 15. Bh6+ Ke8 16. Nf6+ Kd8 17. Nxd7 f5 18. Bxg8 c6 19. exf5 e4 20.
dxe4 Bd4 21. fxg6 Kc7 $18) 14... c6 15. O-O (15. Qf6 Rf8 16. Nb5 h6 17. Nxd6+
Qxd6 18. Qxd6 hxg5 19. h4 g4 20. h5 g5 21. h6 a5 22. h7 Rh8 23. Qxe5+ Kd7 24.
Bxf7 b5 25. Rh6 Ba6 26. Be6+ Ke7 27. Qg7+ Ke8 28. Qd7+ Kf8 29. Rf6#) 15... Rh8
16. Rfd1 (16. Nd5 b5 17. Nf6+ Kd8 18. Nxd7+ Kc7 19. Qxf7 Bxd7 20. Rxb5 Rhb8 21.
Rxb8 Rxb8 22. Be6 h5 23. Qxd7+ Kb6 24. Rb1+ Ka6 25. Rxb8 d5 26. Qxc6+ Ka5 27.
Bd2#) 16... h6 17. Bf6 Rf8 18. d4 Qg4 19. Qxg4 Bxg4 20. Rxb7 Bd7 21. dxe5 d5
22. exd5 Rg8 23. Rdb1 Bc8 24. Re7+ Kf8 25. dxc6 Ba6 (25... Rg7 {is not the
saving move} 26. Bxg7+ Kxe7 27. Nd5+ Kd8 28. Rb8 Rxb8 29. c7+ Ke8 30. Nf6+ Ke7
31. cxb8=Q Kd8 32. Qd6+ Bd7 33. Qxd7#) 26. Bxa6 (26. Bxa6 Rg7 27. c7 Kg8 28.
Rb8+ Kh7 29. Ree8 Rg8 30. Rxg8 Rxb8 31. cxb8=Q h5 32. Rh8#) (26. Rxf7+ Ke8 27.
Ne4 Rd8 28. Rd7 Rxd7 29. Rb8+ Bc8 30. Rxc8+ Rd8 31. Rxd8#) 1-0

[Event "Sapporo Autumn Chess Tournament 2025"]
[Site "Sapporo Chess Club"]
[Date "2025.10.13"]
[Round "4.6"]
[White "Ito, Katsuhide"]
[Black "Yajima, Machiko"]
[Result "0-1"]
[WhiteElo "1307"]
[BlackElo "1327"]
[Annotator "Fritz 11 SE (30s)"]
[PlyCount "88"]
[EventDate "2025.10.12"]

{[%mdl 8192] C84: Closed Ruy Lopez: Unusual White 6th moves} 1. e4 e5 2. Nf3
Nc6 3. Bb5 a6 4. Ba4 b5 5. Bb3 Be7 6. O-O Bb7 7. d3 Nf6 8. a3 O-O 9. Re1 (9.
Nc3 d6 10. h3 Nd7 11. Nd5 Nc5 12. Ba2 Ne6 13. Be3 Qd7 14. Nxe7+ Nxe7 15. Re1
Kh8 16. d4 exd4 17. Bxd4 Nxd4 18. Nxd4 Rae8 19. Qg4 Qxg4 20. hxg4 c5 21. Nf3
Ng6 22. Ng5 Re7 23. Rad1 h6 {Salgado Lopez,I (2622)-Bartel,M (2664) Wroclaw
2014 1-0 (46)}) 9... a5 $146 (9... d6 10. Nbd2 (10. Nc3 Na5 11. Ba2 c5 12. Ne2
Nc6 13. Ng3 Qc7 14. c3 Rad8 15. Nf5 d5 16. Qe2 dxe4 17. dxe4 c4 18. Nxe7+ Nxe7
19. Bb1 Ng6 20. Bg5 Rd7 21. Bc2 h6 22. Bxh6 gxh6 23. Qe3 Kh7 24. a4 Nf4 {
Swathi,G (2320)-Yildiz,B (2219) Beijing 2008 1-0 (35)}) 10... h6 (10... Bc8 11.
Nf1 Be6 12. c3 Re8 13. Ng3 Bf8 14. d4 h6 15. h3 Na5 16. Qc2 Nc4 17. d5 Nb6 18.
c4 Rc8 19. Qe2 c6 20. Bd2 Rc7 21. Ba5 Nfd7 22. a4 bxa4 23. Rxa4 Qb8 24. Raa1
Rec8 25. Nd2 {Sutovsky,E (2624)-Stefansson,H (2585) Reykjavik 2006 0-1}) 11.
Nf1 Re8 12. Ne3 Bf8 13. Nf5 Bc8 14. N3h4 Be6 15. c3 g5 16. Nf3 Bxf5 17. exf5
Qd7 18. Nxg5 hxg5 19. Bxg5 Qxf5 20. Bxf6 Qxf6 21. Bd5 Ne7 22. Bxa8 Rxa8 23. a4
Rb8 24. axb5 {Katai,D (2246)-Ivan,A (2293) Hungary 2008 1-0 (33)}) (9... Bc5
10. Nc3 $11) 10. Nc3 $14 {White threatens to win material: Nc3xb5} Ba6 11. Bg5
b4 {This push gains space} (11... h6 12. Bh4 $14) 12. Nd5 $14 Nxd5 13. Bxe7 $4
{gives the opponent new chances} (13. exd5 $142 Bxg5 14. dxc6 $16) 13... Ndxe7
$19 ({Weaker is} 13... Ncxe7 14. exd5 Bb7 15. axb4 axb4 16. Nxe5 $14) (13...
Qxe7 $2 14. exd5 (14. Bxd5 $6 Bb7 $14) 14... Nd8 15. Nxe5 $18) 14. d4 Ng6 (
14... Nxd4 {and Black can already relax} 15. Nxd4 exd4 16. Qxd4 $19) 15. dxe5 (
15. d5 Nce7 $19) 15... Ncxe5 16. Qd5 (16. Nxe5 {hoping against hope} Nxe5 17.
f4 $19) 16... Nxf3+ 17. gxf3 c6 18. Qd6 Bc8 (18... Re8 {keeps an even firmer
grip} 19. Kg2 $19) 19. Rad1 (19. axb4 {does not solve anything} Bb7 $19) 19...
Qg5+ 20. Qg3 Qxg3+ (20... Qf6 {might be the shorter path} 21. a4 $19) 21. fxg3
(21. hxg3 {doesn't get the cat off the tree} a4 22. Ba2 bxa3 23. bxa3 Ne5 $19)
21... Ne5 22. Kg2 h5 (22... bxa3 $142 $5 {keeps an even firmer grip} 23. bxa3
a4 24. Ba2 $19) 23. f4 Ng4 (23... bxa3 {makes it even easier for Black} 24.
bxa3 a4 25. Ba2 $19) 24. h3 Nf6 25. e5 Nh7 (25... bxa3 {and Black can already
relax} 26. bxa3 Nd5 27. Kf2 $19) 26. f5 (26. axb4 axb4 27. g4 hxg4 28. hxg4 Re8
$19) 26... c5 (26... bxa3 {might be the shorter path} 27. bxa3 a4 28. Bc4 $19)
27. Rd6 Bb7+ 28. Bd5 Bxd5+ 29. Rxd5 c4 30. Rxd7 Rad8 31. Red1 Rxd7 32. Rxd7 Ng5
$4 {releasing the pressure on the opponent} (32... c3 {seems even better} 33.
bxc3 bxa3 34. Ra7 $19) 33. Rd4 $2 (33. axb4 $5 axb4 34. h4 $17) 33... Re8 (
33... c3 $5 34. bxc3 bxa3 35. h4 $19) 34. h4 Nh7 35. Rd5 bxa3 36. bxa3 a4 37.
Kf3 g6 (37... Nf8 38. g4 hxg4+ 39. Kxg4 $19) 38. f6 (38. fxg6 $5 fxg6 39. Rc5
$17) 38... Nf8 (38... g5 39. Rc5 $19) 39. g4 (39. Ke3 Rc8 $19) 39... c3 40. Kf4
$2 (40. gxh5 gxh5 41. Ra5 Ng6 $19) 40... hxg4 (40... Ne6+ $142 {seems even
better} 41. Kf3 $19) 41. Kxg4 Rc8 42. Ra5 Rc4+ 43. Kg5 (43. Kf3 $19) 43... Ne6+
44. Kh6 Rxh4# 0-1